Personnages de Genshin Impact par nation et élément - Statistiques

Statistiques générales
  • Ce quiz a été pris 139 fois
    57 depuis la dernière actualisation
  • Le résultat moyen est 39 sur 63
Statistiques - réponses
Nation + Élément Personnage·s % Correct
Mondstadt Anémo Jean | Venti | Sucrose
100%
Mondstadt Géo Noëlle | Albedo
100%
Mondstadt Électro Lisa | Razor | Fischl
97%
Mondstadt Pyro Amber | Diluc | Bennett | Klee
94%
Mondstadt Hydro Barbara | Mona | Dahlia
90%
Mondstadt Cryo Kaeya | Diona | Rosalia | Eula | Mika
87%
Liyue Géo Ningguang | Yun Jin | Zhongli
84%
Liyue Cryo Ganyu | Qiqi | Shenhe | Chongyun
81%
Inazuma Anémo Kaedehara Kazuha | Sayu | Shikanoin Heizou | Yumemizuki Mizuki
81%
Inazuma Pyro Thomas | Yoimiya
81%
Liyue Pyro Xiangling | Yanfei | Hu Tao | Xinyan | Gaming
81%
Sumeru Dendro Collei | Tighnari | Nahida | Alhaitham | Kaveh
77%
Sumeru Électro Dori | Cyno | Sethos
77%
Inazuma Hydro Kamisato Ayato | Sangonomiya Kokomi
77%
Liyue Électro Keqing | Beidou
77%
Sumeru Hydro Nilou | Candace
77%
Inazuma Électro Shogun Raiden | Kujou Sara | Yae Miko | Kuki Shinobu
77%
Inazuma Géo Gorou | Arataki Itto | Chiori
74%
Inazuma Cryo Kamisato Ayaka
74%
Sumeru Anémo Nomade | Faruzan
74%
Liyue Anémo Xiao | Xianyun | Lan Yan
74%
Liyue Hydro Xingqiu | Yelan
74%
Liyue Dendro Baizhu | Yaoyao
71%
Fontaine Cryo Charlotte | Freminet | Wriothesley | Escoffier
71%
Sumeru Pyro Dehya
71%
Fontaine Hydro Furina | Neuvillette | Sigewinne
71%
Inazuma Dendro Kirara
71%
Fontaine Pyro Lyney | Chevreuse
71%
Natlan Cryo Citlali
68%
Natlan Géo Kachina | Xilonen
68%
Fontaine Anémo Lynette
68%
Natlan Pyro Mavuika
68%
Natlan Hydro Mualani
68%
Natlan Électro Ororon | Iansan | Varesa
68%
Nod-Krai Hydro Aino
65%
Natlan Anémo Chasca | Ifa
65%
Fontaine Électro Clorinde
65%
Nod-Krai Électro Ineffa | Flins
65%
Natlan Dendro Kinich
65%
Nod-Krai Dendro Lauma
65%
Fontaine Géo Navia
65%
Sumeru Cryo Layla
61%
Fontaine Dendro Émilie
55%
Snezhnaya Hydro Tartaglia
55%
Snezhnaya Pyro Arlecchino
52%
Autre monde Cryo Aloy | Skirk
42%
Mondstadt Dendro Aucun
39%
Sumeru Géo Aucun
39%
Nod-Krai Pyro Aucun
35%
Nod-Krai Cryo Aucun
35%
Nod-Krai Anémo Aucun
32%
Nod-Krai Géo Aucun
32%
Snezhnaya Anémo Aucun
32%
Snezhnaya Géo Aucun
32%
Snezhnaya Électro Aucun
32%
Snezhnaya Dendro Aucun
32%
Snezhnaya Cryo Aucun
32%
Autre monde Anémo Aucun
32%
Autre monde Géo Aucun
32%
Autre monde Électro Aucun
32%
Autre monde Dendro Aucun
29%
Autre monde Hydro Aucun
29%
Autre monde Pyro Aucun
29%
Aucun quiz correspondant
Distribution des résultats
% des personnes avec chaque résultat
Percentile par nombre de réponses
Votre historique - résultats
Vous n’avez pas pris ce quiz depuis la dernière actualisation